Efectos de la opción del revalúo contable (Registro nro. 12410)

Detalles MARC
000 -LEADER
fixed length control field 00307 a2200109 4500
001 - CONTROL NUMBER
control field ART_47831
005 - DATE AND TIME OF LATEST TRANSACTION
control field 20260410161630.0
008 - FIXED-LENGTH DATA ELEMENTS--GENERAL INFORMATION
fixed length control field 260409a
100 1# - MAIN ENTRY--PERSONAL NAME
Personal name Bello, Alberto M.
245 10 - TITLE STATEMENT
Title Efectos de la opción del revalúo contable
773 0# - HOST ITEM ENTRY
Title Enfoques
Related parts - N°10 (oct. 2018)
Record control number REV416

No hay ítems disponibles.